John Cena's Championships and Accomplishments - Statistics

General Stats
  • This quiz has been taken 75 times
  • The average score is 5 of 7
Answer Stats
Hint Answer % Correct
13-times WWE Championship
83%
5-times United States Championship
82%
2-times Royal Rumble
75%
3-times World Heavyweight Championship
71%
1-time Money in the Bank
66%
2-times World Tag Team Championship
62%
2-times WWE Tag Team Championship
58%
No matching quizzes found
Score Distribution
Percent of People with Each Score
Percentile by Number Answered
Your Score History
You have not taken this quiz